000 00348nam a22001337a 4500
008 140122b xxu||||| |||| 00| 0 eng d
020 _a0140052879
050 _aPZ4.J6E8
100 _aJhabvala, Ruth Prawer
_96972
245 _aEsmond in India
260 _aHarmondsworth
_bPenguin Books
_c1980
300 _a206p.
_c20cm
942 _2lcc
_cMONOGRAPH
999 _c119659
_d119659